| 000 | 00384nam a22001577a 4500 | ||
|---|---|---|---|
| 005 | 20170916130300.0 | ||
| 008 | 170916b xxu||||| |||| 00| 0 eng d | ||
| 020 | _a81-318-0199-3 | ||
| 041 | _aeng | ||
| 082 | _a604.2 | ||
| 100 |
_aPAHARI, A. AND CHAUHAN, B. _93938 |
||
| 245 | _aENGINEERING CHEMISTRY | ||
| 260 |
_aBANGALORE _bFIRE WAL MEDIA _c2010 |
||
| 300 | _a739p. | ||
| 942 | _cBK | ||
| 999 |
_c5584 _d5582 |
||